00471nam a2200145Ia 4500008004100000041000800041082001400049100001900063245004000082260003500122300003000157365000700187999001300194952011800207240624s9999 xx 000 0 und d aeng a658.1 SUD aSUDARSANAM P S aESSENCE OF MERGERS AND ACQUISITIONS c2003aNew DelhibPrentice-Hall axv, : 303 : p. : cm. ; 23 cRS c247d247 00104070aIMTNbIMTNcRack 20-Bd2004-10-12eJBDg95.00o658.1 SUDp247r2024-06-24 00:00:00t1w2024-06-24yBK